|
|
|
|
| LEADER |
00869nam a2200229 a 4500 |
| 001 |
2892664 |
| 008 |
091103s1987 ii a b 001 0 eng d |
| 010 |
|
|
|a 86903517
|
| 020 |
|
|
|z 08895505202
|
| 040 |
|
|
|a DLC
|c DLC
|d DLC
|
| 082 |
0 |
0 |
|a 338.9/26
|2 19
|
| 245 |
0 |
0 |
|a Perspectives on technology and development /
|c editor, O.P. Dwivedi.
|
| 260 |
|
|
|a New Delhi :
|b Gitanjali Pub. House,
|c 1986, c1987.
|
| 300 |
|
|
|a viii, 288 p. :
|b ill. ;
|c 23 cm.
|
| 520 |
|
|
|a Selection of papers.
|
| 504 |
|
|
|a Includes bibliographies and index.
|
| 541 |
1 |
|
|e 00011188
|
| 650 |
|
0 |
|a Technology transfer
|z Developing countries.
|
| 700 |
1 |
|
|a Dwivedi, O. P.
|
| 852 |
4 |
|
|a Ayesha Abed Library
|j General Shelf
|
| 999 |
|
|
|c 5627
|d 5627
|
| 952 |
|
|
|0 0
|1 0
|2 ddc
|4 0
|6 338_926000000000000_PER_1987
|7 0
|9 5529
|a BRACUL
|b BRACUL
|c GEN
|d 2009-11-19
|g 195.00
|l 0
|o 338.926 PER
|p 3010011188
|r 2009-11-19
|t 1
|v 390.00
|w 2009-11-19
|y BK
|